| 000 | 01223nam0a22003251 4500 | ||
|---|---|---|---|
| 001 | rc\2270371 | ||
| 005 | 20250623034630.0 | ||
| 035 | _a(NLR Aleph) 006551440 | ||
| 090 |
_a6744652 _c6744652 |
||
| 100 | _a20110829d1977 |||y0rusy50 ca | ||
| 101 | 0 | _arus | |
| 102 | _aRU | ||
| 105 | _ac z ||||| | ||
| 200 | 1 |
_aРатные подвиги земляков _fИ.Г. Пухаев |
|
| 210 |
_aЦхинвали _cИрыстон _d1977 |
||
| 215 |
_a153 с. _cпортр. _d20 |
||
| 606 |
_aОсетины в Великой Отечественной войне 1941-1945 гг. _2psbo |
||
| 606 |
_aГерои Великой Отечественной войны 1941-1945 гг. _yЮго-Осетинская автономная область _2psbo |
||
| 686 |
_aТ3(2)722.782Юго-Осетинцыя43 _2rubbk |
||
| 686 |
_aТ3(2Г-6ю)722.78я43 _2rubbk |
||
| 686 |
_aТ3(2Г)722.782Юго-Осетинцыя43 _2rubbk |
||
| 700 | 1 |
_aПухаев _bИ.Г. _gИлья Григорьевич |
|
| 801 | 1 |
_aRU _bELAR _2rusmarc |
|
| 801 | 0 |
_aRU _bNLR _gpsbo |
|
| 852 |
_aNLR _j77-3/9385 |
||
| 899 |
_aRuMoRGB _jБ 77-26/201 |
||
| 899 |
_aRuMoRGB _jБ 77-26/202 |
||
| 899 |
_aRuMoRGB _jВО 680/209 |
||
| 942 | _cBOOK | ||
| 980 | _aNB | ||